Thomas and Friends - Season 9 Episodes - Statistics

General Stats
  • This quiz has been taken 12 times
  • The average score is 5 of 26
Answer Stats
Episode # Episode Title % Correct
3 Molly's Special Special
67%
11 Thomas and the New Engine
67%
2 Thomas and the Rainbow
67%
20 Duncan and the Old Mine
33%
17 Emily Knows Best
33%
6 Mighty Mac
33%
1 Percy and the Oil Painting
33%
4 Respect for Gordon
33%
10 Rheneas and the Dinosaur
33%
22 Skarloey the Brave
33%
14 The Magic Lamp
33%
5 Thomas' Milkshake Muddle
33%
12 Toby Feels Left Out
33%
21 Bold and Brave
0%
26 Flour Power
0%
16 Henry and the Flagpole
0%
25 Keeping Up with James
0%
23 Saving Edward
0%
7 Thomas and the Birthday Picnic
0%
24 Thomas and the Golden Eagle
0%
15 Thomas and the Statue
0%
9 Thomas and the Toy Shop
0%
18 Thomas' Day Off
0%
19 Thomas' New Trucks
0%
13 Thomas Tries His Best
0%
8 Tuneful Toots
0%
No matching quizzes found
Score Distribution
Percent of People with Each Score
Percentile by Number Answered
Your Score History
You have not taken this quiz